000 01201cab a2200169 4500
001 ##L133288
008 060426n2006 000 0 eng u
035 _a(Sirsi) u133288
041 0 _aeng
100 1 _aColeman, Pat
245 0 4 _aThe implications of toxic mould for facilities management and building services
260 _c2006
490 0 _aJournal of Building Appraisal
_v1(4) 2005, 362-367(6)
520 _aAdvises facilities managers and building services engineers about the facts of toxic mould in the built environment, how to avoid the conditions in which mould growth thrives and which areas within buildings have the greatest likelihood of sustaining mould growth. Reflects upon recent compensation claims in the USA, and the debate surrounding innovations in design and construction techniques being criticised for the increasing occurrence of mould in new buildings. Describes the depth to which remedial procedures may be developed by facilities managers and building services engineers in terms of cost and time, and advises on how to conduct such actions if mould deposits are detected.
690 _aMANAGEMENT-HEALTH AND SAFETY-HAZARDOUS SUBSTANCES-TOXIC MOULD
942 _n0
999 _c76910
_d76910